| 000 | 00375nam a2200157Ia 4500 | ||
|---|---|---|---|
| 008 | 151213s9999 xx 000 0 und d | ||
| 100 | _aA. Rub Choudhury | ||
| 245 |
_aModern English Drama _cA. Rub Choudhury |
||
| 250 | _a1st | ||
| 260 |
_aDhaka _bNovelty _c1936 |
||
| 300 | _a4354 p. | ||
| 650 | _aDrama | ||
| 650 | _aEnglish | ||
| 700 | _aA. Rub Choudhury | ||
| 999 |
_c2768 _d2768 |
||